[Event "Alto Sangro op 10th"]
[Site "Castel di Sangro "]
[Date "2010.12.04"]
[Round "3"]
[White "Carannante, Biagio"]
[Black "Trifoglio, Giovanni"]
[Result "0-1"]
[WhiteElo "1389"]
[BlackElo "1896"]
[PlyCount "72"]
[EventDate "2010.12.03"]
[EventType "swiss"]
[EventRounds "6"]
[EventCountry "ITA"]
[SourceTitle "EXT 2012"]
[Source "ChessBase"]
[SourceDate "2011.11.24"]
[SourceVersion "1"]
[SourceVersionDate "2011.11.24"]
[SourceQuality "1"]

1. e4 c5 2. Bc4 e6 3. d3 Nc6 4. Nf3 a6 5. Nc3 Nf6 6. Bg5 Be7 7. 0-0 h6 8. Bf4 d5 9. Bb3 b5 10. a4 b4 11. Ne2 dxe4 12. dxe4 Nxe4 13. Ne5 Nxe5 14. Bxe5 0-0 15. Nf4 Bf6 16. Qxd8 Rxd8 17. Bxf6 Nxf6 18. Bc4 Bb7 19. Nd3 Nd7 20. Rae1 Nb6 21. b3 Rac8 22. Re5 Nd7 23. Re3 a5 24. Rfe1 Nb6 25. Bb5 c4 26. Nf4 cxb3 27. cxb3 Nd5 28. Nxd5 Bxd5 29. Ba6 Rc5 30. Rd1 Rd7 31. Bb5 Rdc7 32. h3 Rc3 33. Rb1 Rxe3 34. fxe3 Rc3 35. e4 Bxe4 36. Bc4 Bxb1 0-1